| 000 | 00660nam a2200193 a 4500 | ||
|---|---|---|---|
| 001 | 000021867 | ||
| 005 | 20200930011500.0 | ||
| 008 | 100914s1967 dr 001 0 spa d | ||
| 040 |
_aDO-SdBNP _bspa _cBNPHU |
||
| 082 |
_axxxx _bN383E |
||
| 100 | 1 |
_aNef, John Ulric _d1899- _945396 |
|
| 245 | 1 | 0 |
_aEstados Unidos y la civilización / _cJohn U. Nef ; versión castellana de Eduardo J. Prieto. |
| 260 |
_aBuenos Aires : _bPaidos, _c1967. |
||
| 300 |
_a485 p. ; _c19 cm. |
||
| 490 | 1 |
_aBiblioteca mundo moderno _v54 |
|
| 504 | _aIncluye referencias bibliográficas y notas al pie de las páginas | ||
| 830 | 0 |
_aBiblioteca mundo moderno _v54 _945397 |
|
| 049 | _aBNPD | ||
| 999 |
_c21365 _d21365 |
||